000 01642cam a2200313 i 4500
005 20160210193957.0
008 030409s2002 ck ah b 001 0 spa
020 _a9589205534
040 _aDLC
_cDLC
_dDLC
_dCO-BoIAVH
041 _aspa
042 _apcc
043 _as-ck---
082 0 4 _a581.634
_bD27t
100 1 _aDÍaz Piedrahita, Santiago
245 1 3 _aLa terapéutica en el Nuevo Reino de Granada :
_bun recetario franciscano del siglo XVIII /
_cpor Santiago Díaz Piedrahita, Luis Carlos Mantilla R.
260 _aBogotá :
_bAcademia Colombiana de Ciencias Exactas, Físicas y Naturales,
_c2002.
300 _a207 páginas :
_bilustraciones (Algunas a color)
_c27 cm.
490 1 _aPublicación especial
_vno. 7
500 _a"Homenage a la Academia Colombiana de Historia en su centenario, 1902-9 de mayo-2002."
500 _a"Las viñetas que adornan este texto fueron tomadas de libros antiguos depositados en el Archivo Histórico del Colegio Mayor de Nuestra Señora del Rosario, en la Biblioteca del Instituto de Ciencias Naturales, de la Universidad Nacional de Colombia y en algunas bibliotecas particulares"--T.p. verso.
500 _aEdición facsimilar.
504 _aIncluye referencias bibliográficas e índice.
650 1 4 _aTerapéutica
_zColombia
_xHistoria
_ySiglo XVIII
650 2 4 _aPlantas medicinales
_zColombia
_xHistoria
_ySiglo XVIII
650 2 4 _aPalntas medicinales
_xUso terapéutico
_zColombia
_xHistoria
_ySiglo XVIII
700 1 _aMantilla R., Luis Carlos
_q(Mantilla Ruiz)
_eautor.
710 2 _aAcademia Colombiana de Historia.
942 _2ddc
_cLIBRO
999 _c3497
_d3497